00594nam a2200193Ia 450000500170000000800410001704000190005804100120007708200170008910000160010624500800012226000410020230000130024350400400025663000350029665000170033165100420034885000100039020240209111704.0131103s9999 xx 000 0 und d aLoreto College aEnglish a342.994bDAV aDavies,A.F. aAustralian democracyb an introduction to the political system cA.F.Davies aLondonbLongmans,Green and Co.c1958 a161 p.  aIncludes bibliographical references aAustralia - Constitutional Law aConstitution aConstitutional and Administrative Law aLCLIB